Návrh riešenia na zlepšenie využívania informačných systémov v oblasti skladového hospodárstva v priemyselnom podniku
Saved in:
| Main Author: | |
|---|---|
| Other Authors: | |
| Format: | Manuscript Book |
| Language: | Slovak |
| Published: |
2025
|
| Subjects: | |
| Online Access: | http://is.stuba.sk/zp/portal_zp.pl?podrobnosti=183773 |
| Tags: |
No Tags, Be the first to tag this record!
|
MARC
| LEADER | 00000ntm a22000003a 4500 | ||
|---|---|---|---|
| 001 | stuzp103722 | ||
| 003 | SK-STU | ||
| 005 | 20250614212209.3 | ||
| 007 | ta | ||
| 008 | 150427s2015----xo-----f-mn---000-0-slo-d | ||
| 040 | |a STU |b slo | ||
| 041 | 0 | |a slo | |
| 100 | 1 | |a Nagy, Dávid |u 064000 |4 aut |U MTF Materiálovotechnologická fakulta |T MTF Ústav priemyselného inžinierstva a manažmentu |X 111759 |U M4000 |Y 84 |7 111759 | |
| 242 | 0 | 1 | |a Proposal for a solution to improve the use of information systems in the field of warehouse management in an industrial enterprise |y eng |
| 245 | 1 | 0 | |a Návrh riešenia na zlepšenie využívania informačných systémov v oblasti skladového hospodárstva v priemyselnom podniku |
| 260 | |c 2025 | ||
| 650 | 4 | |a warehouse management |2 eng | |
| 650 | 4 | |a process |2 eng | |
| 650 | 4 | |a digitalization |2 eng | |
| 650 | 4 | |a logistics |2 eng | |
| 650 | 4 | |a Information system |2 eng | |
| 650 | 4 | |a logistika |2 slo | |
| 650 | 4 | |a skladové hospodárstvo |2 slo | |
| 650 | 4 | |a proces |2 slo | |
| 650 | 4 | |a digitalizácia |2 slo | |
| 650 | 4 | |a Informačný systém |2 slo | |
| 700 | 1 | |a Mĺkva, Miroslava |u 064000 |k Z1 |4 ths |U MTF Materiálovotechnologická fakulta |T MTF Ústav priemyselného inžinierstva a manažmentu |X 4176 |U M4000 |Y 84 |7 A000004176 | |
| 856 | 4 | |u http://is.stuba.sk/zp/portal_zp.pl?podrobnosti=183773 | |
| 996 | |c M* DP-15613 |l MMSKP |s P |a 0 |w stuzp103722_0001 | ||